[Event "Sopo Region-ch (Women)"]
[Site "Sopo"]
[Date "2021.07.24"]
[Round "1"]
[White "Ramirez, Heimy Polgar"]
[Black "Rodriguez Lara, Laura Sofia"]
[Result "1-0"]
[WhiteElo "2041"]
[BlackElo "1192"]
[PlyCount "25"]
[EventDate "2021.07.24"]
[EventType "swiss"]
[EventRounds "5"]
[EventCountry "COL"]
[SourceTitle "EXT 2022"]
[Source "ChessBase"]
[SourceDate "2021.10.06"]
[SourceVersion "1"]
[SourceVersionDate "2021.10.06"]
[SourceQuality "1"]

1. Nf3 Nc6 2. d4 d5 3. g3 Bf5 4. Bg2 Nf6 5. 0-0 g6 6. c4 dxc4 7. Qa4 Bd7 8. Qxc4 Rb8 9. Ng5 e6 10. Nc3 b5 11. Nxb5 a6 12. Nc3 a5 13. Bxc6 1-0

[Event "COL-ch (Women)"]
[Site "Fusagasuga"]
[Date "2020.12.06"]
[Round "9"]
[White "Ramirez, Heimy Polgar"]
[Black "Chirivi Castiblanco, Jenny Astrid"]
[Result "1/2-1/2"]
[WhiteElo "2077"]
[BlackElo "2093"]
[PlyCount "81"]
[EventDate "2020.12.01"]
[EventType "tourn"]
[EventRounds "11"]
[EventCountry "COL"]
[SourceTitle "CBM 199 Extra"]
[Source "ChessBase"]
[SourceDate "2021.01.31"]
[SourceVersion "1"]
[SourceVersionDate "2021.01.31"]
[SourceQuality "1"]

1. d4 d5 2. g3 Nf6 3. Bg2 c6 4. Nf3 Bf5 5. c4 e6 6. Nc3 Nbd7 7. Nh4 Bg6 8. Nxg6 hxg6 9. Qb3 Qb6 10. c5 Qc7 11. Bf4 Qc8 12. e4 dxe4 13. Nxe4 Nxe4 14. Bxe4 Nf6 15. Bf3 Be7 16. h4 Qd7 17. 0-0-0 Nd5 18. Bxd5 exd5 19. Qe3 f6 20. Rde1 Kf7 21. g4 Rae8 22. Qf3 Bd8 23. Be3 Ba5 24. Reg1 Qe6 25. h5 Qe4 26. Qxe4 dxe4 27. hxg6+ Kxg6 28. Kc2 Kf7 29. a3 Ke6 30. b4 Bc7 31. Kc3 Bh2 32. Rg2 Bc7 33. Rgg1 Bh2 34. Rg2 Bc7 35. Rgg1 Bh2 36. Rb1 Kd5 37. Rbg1 Bc7 38. Rh5+ Rxh5 39. gxh5 Re7 40. Rg6 f5 41. Bg5 1/2-1/2

[Event "COL-ch (Women)"]
[Site "Fusagasuga"]
[Date "2020.12.03"]
[Round "4"]
[White "Viveros Torres, Erica Johana"]
[Black "Ramirez, Heimy Polgar"]
[Result "0-1"]
[WhiteElo "1963"]
[BlackElo "2077"]
[PlyCount "76"]
[EventDate "2020.12.01"]
[EventType "tourn"]
[EventRounds "11"]
[EventCountry "COL"]
[SourceTitle "CBM 199 Extra"]
[Source "ChessBase"]
[SourceDate "2021.01.31"]
[SourceVersion "1"]
[SourceVersionDate "2021.01.31"]
[SourceQuality "1"]

1. e4 c5 2. Nf3 g6 3. d4 cxd4 4. Nxd4 Bg7 5. c4 Nc6 6. Be3 Nf6 7. Nc3 d6 8. f3 0-0 9. Be2 Nd7 10. Qd2 a5 11. g4 Nde5 12. 0-0-0 Nxd4 13. Bxd4 Be6 14. f4 Nc6 15. Bxg7 Kxg7 16. f5 Bc8 17. h4 h6 18. Rhg1 a4 19. g5 h5 20. Rdf1 a3 21. b3 Ne5 22. Nd5 e6 23. f6+ Kh7 24. Nf4 Qa5 25. Rd1 Rd8 26. Qe3 b5 27. c5 Bb7 28. Bxh5 Rac8 29. Bxg6+ Nxg6 30. h5 Nxf4 31. g6+ fxg6 32. hxg6+ Kg8 33. Kb1 Qb4 34. cxd6 Qxe4+ 35. Qxe4 Bxe4+ 36. Ka1 Bxg6 37. Rdf1 e5 38. Rg5 Rc5 0-1

[Event "COL-ch (Women)"]
[Site "Fusagasuga"]
[Date "2020.12.02"]
[Round "2"]
[White "Moncada Correa, Sara"]
[Black "Ramirez, Heimy Polgar"]
[Result "1/2-1/2"]
[WhiteElo "1897"]
[BlackElo "2077"]
[PlyCount "147"]
[EventDate "2020.12.01"]
[EventType "tourn"]
[EventRounds "11"]
[EventCountry "COL"]
[SourceTitle "CBM 199 Extra"]
[Source "ChessBase"]
[SourceDate "2021.01.31"]
[SourceVersion "1"]
[SourceVersionDate "2021.01.31"]
[SourceQuality "1"]

1. d4 Nf6 2. g3 e6 3. c4 Bb4+ 4. Nd2 c5 5. Ngf3 Nc6 6. dxc5 Bxc5 7. Nb3 Bb4+ 8. Bd2 Qb6 9. Bg2 a5 10. 0-0 a4 11. Nbd4 0-0 12. Bf4 d5 13. Bg5 Ne4 14. Be3 Bc5 15. cxd5 exd5 16. Rc1 Bg4 17. Nxc6 Bxe3 18. Ne7+ Kh8 19. fxe3 Qxe3+ 20. Kh1 Nf2+ 21. Rxf2 Qxf2 22. Qd3 Rae8 23. Rf1 Qb6 24. Ng5 f5 25. Nxd5 Qxb2 26. Nf4 Bxe2 27. Nxe2 Qxe2 28. Qd5 Qe7 29. Rxf5 h6 30. Nf7+ Kh7 31. Re5 Qf6 32. Qe4+ g6 33. h3 Qxf7 34. Rxe8 Rxe8 35. Qxa4 Re7 36. Qc2 Rc7 37. Qa4 Qf2 38. Kh2 Rf7 39. Qc4 h5 40. h4 Kh6 41. Qc1+ Kh7 42. Qc4 Re7 43. a4 b6 44. Qc8 Qf5 45. Qd8 Qc5 46. Bd5 Qc2+ 47. Bg2 Qc7 48. Qd3 Qd7 49. Qa6 Qc7 50. Qd3 Qc5 51. Be4 Qf2+ 52. Kh3 Qf6 53. Kh2 Rc7 54. Qd5 Re7 55. Qxh5+ Kg7 56. Qd5 Qe5 57. Qxe5+ Rxe5 58. Bc6 Kf6 59. Kg2 Rc5 60. Be8 Rc4 61. Bb5 Rc3 62. Kh3 Kf5 63. Bd7+ Kf6 64. Bb5 Re3 65. Bc6 Rd3 66. Be8 Rd4 67. Bc6 Kf5 68. Be8 Rd6 69. Bb5 Rd2 70. Be8 Rd1 71. Bc6 Rc1 72. Bd7+ Kf6 73. Bb5 Kf5 74. Bc6 1/2-1/2

[Event "COL-ch (Women)"]
[Site "Fusagasuga"]
[Date "2020.12.02"]
[Round "3"]
[White "Ramirez, Heimy Polgar"]
[Black "Castrillon Gomez, Melissa"]
[Result "0-1"]
[WhiteElo "2077"]
[BlackElo "2172"]
[PlyCount "46"]
[EventDate "2020.12.01"]
[EventType "tourn"]
[EventRounds "11"]
[EventCountry "COL"]
[SourceTitle "CBM 199 Extra"]
[Source "ChessBase"]
[SourceDate "2021.01.31"]
[SourceVersion "1"]
[SourceVersionDate "2021.01.31"]
[SourceQuality "1"]

1. Nf3 d5 2. d4 Nf6 3. c4 e6 4. g3 Bb4+ 5. Bd2 Be7 6. Bg2 0-0 7. Qc2 c6 8. 0-0 b6 9. b3 Ba6 10. Rd1 Nbd7 11. Bf4 Rc8 12. Ne5 c5 13. dxc5 Bxc5 14. a3 Nxe5 15. Bxe5 Bxf2+ 16. Kxf2 Ng4+ 17. Kg1 Nxe5 18. e4 Qf6 19. Ra2 dxc4 20. b4 c3 21. a4 Bc4 22. Ra3 Bd3 23. Rxd3 Nxd3 0-1

[Event "COL-ch sf"]
[Site "Bogota"]
[Date "2020.11.15"]
[Round "6"]
[White "Ramirez, Heimy Polgar"]
[Black "Tocua, Santiago"]
[Result "1-0"]
[WhiteElo "2100"]
[BlackElo "1945"]
[PlyCount "70"]
[EventDate "2020.11.12"]
[EventType "swiss"]
[EventRounds "8"]
[EventCountry "COL"]
[SourceTitle "CBM 199 Extra"]
[Source "ChessBase"]
[SourceDate "2021.01.31"]
[SourceVersion "1"]
[SourceVersionDate "2021.01.31"]
[SourceQuality "1"]

1. d4 Nf6 2. Nf3 g6 3. g3 Bg7 4. Bg2 0-0 5. 0-0 d6 6. c4 Nbd7 7. Nc3 Re8 8. e4 e5 9. h3 exd4 10. Nxd4 a6 11. Re1 Rb8 12. Be3 Ne5 13. b3 c5 14. Nc2 b5 15. f4 Ned7 16. Rb1 b4 17. Na4 Nxe4 18. Bxe4 Rxe4 19. Qxd6 Bf8 20. Qd3 Qe8 21. Rbd1 Nf6 22. Bxc5 Bxh3 23. Rxe4 Qxe4 24. Qxe4 Nxe4 25. Bxf8 Kxf8 26. Kh2 Bg4 27. Rd4 Nf6 28. Nc5 Re8 29. Rd2 a5 30. Kg2 Ne4 31. Nxe4 Rxe4 32. Kf2 g5 33. Ne3 Bh3 34. Kf3 Re8 35. fxg5 Be6 1-0

[Event "COL-ch sf"]
[Site "Bogota"]
[Date "2020.11.13"]
[Round "2"]
[White "Ramirez, Heimy Polgar"]
[Black "Montenegro, Juan Rolando"]
[Result "1-0"]
[WhiteElo "2100"]
[BlackElo "2077"]
[PlyCount "59"]
[EventDate "2020.11.12"]
[EventType "swiss"]
[EventRounds "8"]
[EventCountry "COL"]
[SourceTitle "CBM 199 Extra"]
[Source "ChessBase"]
[SourceDate "2021.01.31"]
[SourceVersion "1"]
[SourceVersionDate "2021.01.31"]
[SourceQuality "1"]

1. Nf3 d5 2. g3 Nd7 3. d4 Ngf6 4. Bg2 e6 5. 0-0 Be7 6. c4 0-0 7. Qc2 c6 8. Nbd2 b6 9. e4 Bb7 10. Rd1 Rc8 11. e5 Ne8 12. Nf1 Nc7 13. h4 h6 14. Ne3 c5 15. Ng4 cxd4 16. Rxd4 f5 17. exf6 Nxf6 18. Nxh6+ Kh8 19. Ne5 gxh6 20. Qg6 Bd6 21. Qxh6+ Kg8 22. Qg6+ Kh8 23. Bh6 Qe7 24. Bxf8 Rxf8 25. Qh6+ Kg8 26. Ng6 Qd7 27. Nxf8 Bxf8 28. Qxf6 Bg7 29. Rg4 Ne8 30. Qg6 1-0

[Event "COL-chT (Women)"]
[Site "Cartagena"]
[Date "2019.11.24"]
[Round "2.1"]
[White "Ramirez, Heimy Polgar"]
[Black "Castrillon Gomez, Melissa"]
[Result "0-1"]
[WhiteElo "2115"]
[BlackElo "2189"]
[PlyCount "74"]
[EventDate "2019.11.24"]
[EventType "team-swiss"]
[EventRounds "7"]
[EventCountry "COL"]
[SourceTitle "CBM 193 Extra"]
[Source "ChessBase"]
[SourceDate "2020.01.31"]
[SourceVersion "1"]
[SourceVersionDate "2020.01.31"]
[SourceQuality "1"]
[WhiteTeam "Cundinamarca (W)"]
[BlackTeam "Antioquia (W)"]
[WhiteTeamCountry "COL"]
[BlackTeamCountry "COL"]

1. d4 Nf6 2. c4 c5 3. d5 g6 4. Nc3 Bg7 5. e4 d6 6. Be2 0-0 7. Nf3 e6 8. dxe6 Bxe6 9. Bf4 Qb6 10. Qb3 Qc6 11. Qc2 Na6 12. a3 Rfe8 13. 0-0 Nc7 14. Rad1 Rad8 15. Rfe1 Bc8 16. Bf1 Bg4 17. Qd3 Ne6 18. Bc1 Nd4 19. Nxd4 cxd4 20. Ne2 Nxe4 21. f3 Nc5 22. Qd2 Nb3 23. Qb4 Nxc1 24. Nxc1 Rxe1 25. Rxe1 Be6 26. Qa5 Ra8 27. Nb3 Bxc4 28. Rc1 d5 29. Nd2 b6 30. Qa6 Bh6 31. Bxc4 Bxd2 32. Rc2 Be3+ 33. Kh1 dxc4 34. Rxc4 Qd5 35. Rc8+ Rxc8 36. Qxc8+ Kg7 37. Qc2 Qc5 0-1

[Event "Tunja Boyacense op"]
[Site "Tunja"]
[Date "2018.12.15"]
[Round "5"]
[White "Lopez Ramirez, Jorge Hernan"]
[Black "Ramirez, Heimy Polgar"]
[Result "1/2-1/2"]
[WhiteElo "1957"]
[BlackElo "2132"]
[PlyCount "88"]
[EventDate "2018.12.13"]
[EventType "swiss"]
[EventRounds "7"]
[EventCountry "COL"]
[SourceTitle "CBM 187 Extra"]
[Source "ChessBase"]
[SourceDate "2018.11.04"]
[SourceVersion "1"]
[SourceVersionDate "2018.11.04"]
[SourceQuality "1"]

1. d4 Nf6 2. Bf4 e6 3. e3 b6 4. Nf3 Bb7 5. Nbd2 d5 6. Bd3 Bd6 7. Bg5 Nbd7 8. Qe2 0-0 9. g4 c5 10. c3 e5 11. Bf5 e4 12. Bxf6 Nxf6 13. Ne5 Bxe5 14. dxe5 Ne8 15. 0-0-0 g6 16. Nxe4 gxf5 17. gxf5 Qh4 18. Rhg1+ Kh8 19. Rg4 Qh6 20. Ng5 Ng7 21. f6 Ne6 22. Rdg1 Nxg5 23. Rxg5 Rg8 24. Rxg8+ Rxg8 25. Rxg8+ Kxg8 26. Qg4+ Qg6 27. Qd7 h5 28. Qxb7 Qg1+ 29. Kc2 Qxf2+ 30. Kb3 Qxe3 31. Qxd5 Qe2 32. Qa8+ Kh7 33. Qxa7 Qb5+ 34. Ka3 Kg6 35. Qa8 Qc4 36. b3 Qe6 37. Qe4+ Qf5 38. Qg2+ Qg4 39. Qb7 Qe6 40. Qe7 Qd5 41. Qe8 Kf5 42. c4 Qd2 43. Qc8+ Kf4 44. Qc6 Qb4+ 1/2-1/2

[Event "COL-chT (Women)"]
[Site "Ibague"]
[Date "2018.10.13"]
[Round "5.1"]
[White "Ramirez, Heimy Polgar"]
[Black "Aguilar, Natalia Andrea"]
[Result "1-0"]
[WhiteElo "2126"]
[BlackElo "1893"]
[PlyCount "55"]
[EventDate "2018.10.11"]
[EventType "team-swiss"]
[EventRounds "6"]
[EventCountry "COL"]
[SourceTitle "CBM 186 Extra"]
[Source "ChessBase"]
[SourceDate "2018.08.24"]
[SourceVersion "1"]
[SourceVersionDate "2018.08.24"]
[SourceQuality "1"]
[WhiteTeam "Cundinamarca (W)"]
[BlackTeam "Risaralda (W)"]
[WhiteTeamCountry "COL"]
[BlackTeamCountry "COL"]

1. d4 d5 2. c4 dxc4 3. Nc3 Nf6 4. e4 e5 5. Nf3 exd4 6. Nxd4 Bb4 7. Qa4+ c6 8. Qxb4 Qxd4 9. Be3 Qe5 10. f4 Qh5 11. Bxc4 Nbd7 12. Qd6 Ng4 13. Bd4 Qg6 14. Qxg6 hxg6 15. h3 Ngf6 16. e5 Nh5 17. Ne4 f5 18. Nd6+ Ke7 19. 0-0 b5 20. Bd3 c5 21. Be3 c4 22. Bc2 a6 23. Rf3 g5 24. Nxf5+ Ke6 25. Be4 Rb8 26. Nd4+ Ke7 27. Nc6+ Ke6 28. f5+ 1-0

[Event "COL-chT (Women)"]
[Site "Ibague"]
[Date "2017.07.21"]
[Round "6.1"]
[White "Cespedes Galindo, Estefania"]
[Black "Ramirez, Heimy Polgar"]
[Result "1/2-1/2"]
[WhiteElo "1727"]
[BlackElo "2121"]
[PlyCount "82"]
[EventDate "2017.07.19"]
[EventType "team-swiss"]
[EventRounds "6"]
[EventCountry "COL"]
[SourceTitle "CBM 179 Extra"]
[Source "ChessBase"]
[SourceDate "2017.08.23"]
[SourceVersion "1"]
[SourceVersionDate "2017.08.23"]
[SourceQuality "1"]
[WhiteTeam "Tolima (W)"]
[BlackTeam "Cundinamarca (W)"]
[WhiteTeamCountry "COL"]
[BlackTeamCountry "COL"]

1. e4 c5 2. Nf3 g6 3. Bc4 Nc6 4. 0-0 d6 5. Re1 Bg7 6. c3 Nf6 7. d4 cxd4 8. cxd4 d5 9. exd5 Nb8 10. Qe2 Bg4 11. Nc3 Bxf3 12. gxf3 0-0 13. Qxe7 Qc8 14. Qb4 Nh5 15. Bg5 Na6 16. Qb3 Qh3 17. Ne2 Qd7 18. Bb5 Qd6 19. Ng3 Nxg3 20. hxg3 Bxd4 21. Bf4 Qf6 22. Rad1 Nc5 23. Qc4 a6 24. Qxd4 Qxd4 25. Rxd4 axb5 26. Bd6 Rfc8 27. Bxc5 Rxc5 28. d6 Rcc8 29. Re7 Rd8 30. Rxb7 Rxa2 31. Rxb5 Ra6 32. d7 Ra7 33. Rbd5 Kf8 34. Kg2 Ke7 35. Kh3 Ra2 36. Rd2 Ke6 37. f4 Ra7 38. g4 Ra3+ 39. R5d3 Ra7 40. Rd6+ Ke7 41. Kg3 Ra2 1/2-1/2

[Event "COL-ch (Women)"]
[Site "Quibdo"]
[Date "2015.11.13"]
[Round "7"]
[White "Herrera, Milena"]
[Black "Ramirez, Heimy Polgar"]
[Result "1-0"]
[WhiteElo "2118"]
[BlackElo "2145"]
[PlyCount "57"]
[EventDate "2015.11.10"]
[EventType "swiss"]
[EventRounds "9"]
[EventCountry "COL"]
[SourceTitle "CBM 169 Extra"]
[Source "ChessBase"]
[SourceDate "2015.12.18"]
[SourceVersion "1"]
[SourceVersionDate "2015.12.18"]
[SourceQuality "1"]

1. e4 c5 2. Nf3 g6 3. d4 cxd4 4. Qxd4 Nf6 5. e5 Nc6 6. Qa4 Nd5 7. Qe4 Nc7 8. Nc3 Bg7 9. Bf4 Ne6 10. Bg3 0-0 11. Bc4 Qb6 12. 0-0-0 f5 13. exf6 exf6 14. Nd5 Qa5 15. Bd6 f5 16. Qe2 Kh8 17. Bxf8 Nxf8 18. Ng5 Ne6 19. Nf7+ Kg8 20. Nd6 Ncd4 21. Qd3 Kf8 22. c3 b5 23. Nxb5 Nxb5 24. Bxb5 Qxa2 25. Nb4 Qa5 26. Qd6+ Kf7 27. Bxd7 Be5 28. Qc6 Rb8 29. Qxe6+ 1-0

[Event "COL-ch (Women)"]
[Site "Quibdo"]
[Date "2015.11.12"]
[Round "5"]
[White "Mateus, Martha"]
[Black "Ramirez, Heimy Polgar"]
[Result "1/2-1/2"]
[WhiteElo "2140"]
[BlackElo "2145"]
[PlyCount "144"]
[EventDate "2015.11.10"]
[EventType "swiss"]
[EventRounds "9"]
[EventCountry "COL"]
[SourceTitle "CBM 169 Extra"]
[Source "ChessBase"]
[SourceDate "2015.12.18"]
[SourceVersion "1"]
[SourceVersionDate "2015.12.18"]
[SourceQuality "1"]

1. e4 c5 2. Nf3 d6 3. d4 cxd4 4. Qxd4 Nc6 5. Bb5 Bd7 6. Bxc6 Bxc6 7. c4 Nf6 8. Nc3 g6 9. 0-0 Bg7 10. Re1 0-0 11. Qd2 Rc8 12. Rb1 b6 13. b3 a6 14. Nd4 Bb7 15. Bb2 Nd7 16. Rbd1 Nc5 17. Qe2 Ba8 18. Kh1 Qc7 19. f3 e6 20. Nc2 Rfd8 21. Ne3 Nd7 22. Qd2 Nf6 23. Ba3 Ne8 24. Rc1 b5 25. Bb2 Qb6 26. Ng4 bxc4 27. Na4 Qb5 28. Bxg7 Kxg7 29. e5 dxe5 30. Qh6+ Kg8 31. Nc3 Qb4 32. Ne4 Bxe4 33. Rxe4 Qd2 34. Qxd2 Rxd2 35. Rexc4 Rcd8 36. h4 Rxa2 37. Nxe5 f6 38. Ng4 Kf7 39. R4c2 Ra5 40. g3 Rad5 41. Nf2 a5 42. Ne4 h6 43. Kg2 f5 44. Nc3 Rd3 45. Kf2 Kf6 46. Ke2 e5 47. Rd1 Rxd1 48. Nxd1 Nd6 49. Rc6 Ke6 50. Ne3 Rc8 51. Ra6 Kd7 52. Rxa5 e4 53. h5 gxh5 54. Nxf5 exf3+ 55. Kf2 Nxf5 56. Rxf5 Rc2+ 57. Kxf3 Rc3+ 58. Kf4 Rxb3 59. Rxh5 Rb6 60. Kg4 Ke7 61. Rf5 Rf6 62. Ra5 Rg6+ 63. Kh4 Kf7 64. g4 Rd6 65. Kh5 Kg7 66. Ra7+ Kg8 67. Rc7 Re6 68. Rc8+ Kg7 69. Rc7+ Kg8 70. Kh4 Rd6 71. Kg3 Rf6 72. Rd7 Kh8 1/2-1/2

[Event "COL-ch (Women)"]
[Site "Quibdo"]
[Date "2015.11.11"]
[Round "3"]
[White "Montenegro, Heidy"]
[Black "Ramirez, Heimy Polgar"]
[Result "0-1"]
[WhiteElo "1764"]
[BlackElo "2145"]
[PlyCount "66"]
[EventDate "2015.11.10"]
[EventType "swiss"]
[EventRounds "9"]
[EventCountry "COL"]
[SourceTitle "CBM 169 Extra"]
[Source "ChessBase"]
[SourceDate "2015.12.18"]
[SourceVersion "1"]
[SourceVersionDate "2015.12.18"]
[SourceQuality "1"]

1. d4 d5 2. c4 e6 3. e3 c6 4. c5 b6 5. b4 a5 6. bxa5 bxc5 7. Bd2 cxd4 8. exd4 Nf6 9. f3 Ne4 10. g3 Nxd2 11. Nxd2 Qxa5 12. Kf2 Bb4 13. Nb3 Qb6 14. Ne2 0-0 15. Qc2 e5 16. Kg2 exd4 17. Nexd4 c5 18. Nb5 c4 19. N3d4 Bc5 20. Qd2 Bd7 21. a4 Qf6 22. Be2 Bxd4 23. Qxd4 Qxd4 24. Nxd4 Rxa4 25. Rxa4 Bxa4 26. Ra1 Bd7 27. f4 Nc6 28. Nxc6 Bxc6 29. Rd1 d4+ 30. Bf3 Bxf3+ 31. Kxf3 Rd8 32. Ke4 f5+ 33. Kf3 Kf7 0-1

[Event "COL-ch (Women)"]
[Site "Quibdo"]
[Date "2015.11.10"]
[Round "2"]
[White "Ramirez, Heimy Polgar"]
[Black "Hernandez Fonseca, Maria Paula"]
[Result "0-1"]
[WhiteElo "2145"]
[BlackElo "1876"]
[PlyCount "136"]
[EventDate "2015.11.10"]
[EventType "swiss"]
[EventRounds "9"]
[EventCountry "COL"]
[SourceTitle "CBM 169 Extra"]
[Source "ChessBase"]
[SourceDate "2015.12.18"]
[SourceVersion "1"]
[SourceVersionDate "2015.12.18"]
[SourceQuality "1"]

1. d4 e6 2. c4 b6 3. Nf3 Bb7 4. e3 f5 5. Bd3 Nf6 6. 0-0 Ne4 7. Ne5 g6 8. Bxe4 Bxe4 9. f3 Bb7 10. e4 Bg7 11. exf5 gxf5 12. Be3 Nc6 13. Nxc6 Bxc6 14. Nc3 Qf6 15. d5 Bb7 16. Nb5 0-0 17. Bd4 e5 18. Bc3 c6 19. Nc7 cxd5 20. Nxa8 d4 21. Nc7 dxc3 22. bxc3 Qc6 23. Qd5+ Qxd5 24. Nxd5 Kf7 25. Rad1 Ke6 26. Nc7+ Ke7 27. Nb5 a6 28. Nd6 Bc6 29. Rfe1 Kd8 30. Rd3 Kc7 31. Re2 Kd8 32. Rd1 Kc7 33. Re3 Kd8 34. a3 Kc7 35. Kf2 Kd8 36. Ke1 Kc7 37. Ke2 Kd8 38. g4 f4 39. Red3 Kc7 40. Nf5 Bf6 41. Rd6 Ba4 42. R1d2 Bc6 43. h4 h6 44. Kf2 Ba4 45. Kg2 Bc6 46. Kf2 Ba4 47. R2d3 Bc6 48. Kg1 Ba4 49. Kh2 h5 50. Kh3 Rf7 51. Nh6 Rf8 52. g5 Be7 53. R6d5 d6 54. g6 Bd7+ 55. Kg2 Be6 56. Kf1 Rf6 57. Nf7 Rxg6 58. Ng5 Bxg5 59. hxg5 Bxd5 60. cxd5 Rxg5 61. Kf2 b5 62. c4 Kb6 63. cxb5 Kxb5 64. Rc3 h4 65. Rc8 h3 66. Rh8 Rg2+ 67. Kf1 Ra2 68. Rxh3 Kc5 0-1

[Event "COL-ch rapid (Women)"]
[Site "Quibdo"]
[Date "2015.11.09"]
[Round "7"]
[White "Rivera, Ingris"]
[Black "Ramirez, Heimy Polgar"]
[Result "1-0"]
[WhiteElo "2152"]
[BlackElo "2088"]
[PlyCount "119"]
[EventDate "2015.11.09"]
[EventType "swiss (rapid)"]
[EventRounds "9"]
[EventCountry "COL"]
[SourceTitle "CBM 169 Extra"]
[Source "ChessBase"]
[SourceDate "2015.12.18"]
[SourceVersion "1"]
[SourceVersionDate "2015.12.18"]
[SourceQuality "1"]

1. d4 d5 2. Nf3 e6 3. e3 c6 4. Bd3 Nf6 5. b3 Nbd7 6. Bb2 Bd6 7. Nbd2 Qc7 8. 0-0 0-0 9. c4 b6 10. Rc1 c5 11. b4 Qd8 12. cxd5 Nxd5 13. Ne4 Be7 14. bxc5 bxc5 15. dxc5 f5 16. c6 fxe4 17. cxd7 exf3 18. dxc8Q Rxc8 19. Rxc8 Qxc8 20. Qb1 h6 21. Rc1 Qd7 22. Be5 Bf6 23. Bxf6 Nxf6 24. gxf3 Rd8 25. Bc4 Kf8 26. Qb3 Nd5 27. Rd1 Qc7 28. Bxd5 exd5 29. Rxd5 Rxd5 30. Qxd5 Qb6 31. Qf5+ Ke7 32. Qe4+ Kf7 33. Kg2 a5 34. f4 Qb5 35. Kg3 a4 36. f5 a3 37. Qe6+ Kf8 38. Qd6+ Kf7 39. Qe6+ Kf8 40. h4 Qb4 41. Qc8+ Kf7 42. Qe6+ Kf8 43. f6 Qb8+ 44. f4 Qa7 45. Qe7+ Qxe7 46. fxe7+ Kxe7 47. e4 Ke6 48. Kf3 Kd6 49. Ke3 Ke6 50. Kd4 g6 51. Kc4 Kf6 52. Kd5 Ke7 53. Ke5 Kf7 54. Kd6 Kf6 55. e5+ Kf5 56. e6 Kxf4 57. e7 g5 58. hxg5 hxg5 59. e8Q g4 60. Qa4+ 1-0

[Event "COL-ch blitz (Women)"]
[Site "Quibdo"]
[Date "2015.11.08"]
[Round "10"]
[White "Argote Heredia, Valentina"]
[Black "Ramirez, Heimy Polgar"]
[Result "0-1"]
[WhiteElo "1853"]
[BlackElo "2108"]
[PlyCount "76"]
[EventDate "2015.11.08"]
[EventType "swiss (blitz)"]
[EventRounds "18"]
[EventCountry "COL"]
[SourceTitle "CBM 169 Extra"]
[Source "ChessBase"]
[SourceDate "2015.12.18"]
[SourceVersion "1"]
[SourceVersionDate "2015.12.18"]
[SourceQuality "1"]

1. e4 c5 2. Nf3 g6 3. d4 cxd4 4. Nxd4 Bg7 5. Be3 Nc6 6. Be2 Nf6 7. Nc3 0-0 8. 0-0 d5 9. exd5 Nxd5 10. Nxd5 Qxd5 11. Bf3 Qc4 12. Nxc6 bxc6 13. c3 Bf5 14. Qb3 Qa6 15. a4 Rfd8 16. Rfd1 Rab8 17. Qa3 Bc2 18. Rxd8+ Rxd8 19. Qxe7 Qd3 20. Bd4 Rc8 21. Bxg7 Kxg7 22. h3 a5 23. Qe5+ Kg8 24. Qxa5 Rb8 25. Bxc6 Rxb2 26. Bb5 Qd2 27. Rf1 Bf5 28. Qc7 Qg5 29. Qg3 Qd2 30. a5 Rxb5 31. Qc7 Rb2 32. a6 Bd3 33. Qd8+ Kg7 34. a7 Bxf1 35. Qxd2 Rxd2 36. a8Q Bc4 37. Qc8 Be6 38. c4 Bxc8 0-1

[Event "COL-ch blitz (Women)"]
[Site "Quibdo"]
[Date "2015.11.08"]
[Round "12"]
[White "Ramirez, Heimy Polgar"]
[Black "Hernandez Fonseca, Maria Paula"]
[Result "0-1"]
[WhiteElo "2108"]
[BlackElo "1933"]
[PlyCount "50"]
[EventDate "2015.11.08"]
[EventType "swiss (blitz)"]
[EventRounds "18"]
[EventCountry "COL"]
[SourceTitle "CBM 169 Extra"]
[Source "ChessBase"]
[SourceDate "2015.12.18"]
[SourceVersion "1"]
[SourceVersionDate "2015.12.18"]
[SourceQuality "1"]

1. d4 e6 2. c4 b6 3. g3 Bb7 4. Nf3 f5 5. Bg2 Nf6 6. 0-0 Be7 7. a3 0-0 8. Nc3 Ne4 9. d5 Nxc3 10. bxc3 Na6 11. a4 exd5 12. cxd5 Bf6 13. Nd4 Nc5 14. Ba3 Re8 15. Rb1 Ne4 16. Bxe4 fxe4 17. c4 Ba6 18. Nb5 d6 19. Qc2 Qd7 20. e3 c5 21. Nc3 Bxc4 22. Nxe4 Bxf1 23. Nxf6+ gxf6 24. Rxf1 Qf7 25. Qf5 Re5 0-1

[Event "COL-ch blitz (Women)"]
[Site "Quibdo"]
[Date "2015.11.08"]
[Round "13"]
[White "Ramirez, Heimy Polgar"]
[Black "Santos Morales, Natalia Andrea"]
[Result "0-1"]
[WhiteElo "2108"]
[BlackElo "2024"]
[PlyCount "62"]
[EventDate "2015.11.08"]
[EventType "swiss (blitz)"]
[EventRounds "18"]
[EventCountry "COL"]
[SourceTitle "CBM 169 Extra"]
[Source "ChessBase"]
[SourceDate "2015.12.18"]
[SourceVersion "1"]
[SourceVersionDate "2015.12.18"]
[SourceQuality "1"]

1. d4 Nf6 2. c4 g6 3. Nc3 Bg7 4. e4 d6 5. Nf3 0-0 6. Be2 Bg4 7. 0-0 Nfd7 8. Be3 Nc6 9. h3 Bxf3 10. Bxf3 e5 11. d5 Nd4 12. Bxd4 exd4 13. Nb5 d3 14. Rb1 Ne5 15. b3 Qe7 16. g3 a6 17. Na3 Rae8 18. Bg2 g5 19. f4 gxf4 20. gxf4 Ng6 21. Qxd3 Nh4 22. Bh1 Qf6 23. Kh2 Bh6 24. Qg3+ Kh8 25. Qf2 Rg8 26. Nc2 Ng6 27. f5 Bf4+ 28. Kg1 Nh4+ 29. Bg2 Nxg2 30. Qxg2 Rxg2+ 31. Kxg2 Qg5+ 0-1

[Event "Bogota University op 9th"]
[Site "Bogota"]
[Date "2015.10.12"]
[Round "9"]
[White "Ramirez, Heimy Polgar"]
[Black "Noboa Silva, Kevin Omar"]
[Result "0-1"]
[WhiteElo "2147"]
[BlackElo "2032"]
[PlyCount "150"]
[EventDate "2015.10.08"]
[EventType "swiss"]
[EventRounds "9"]
[EventCountry "COL"]
[SourceTitle "CBM 168 Extra"]
[Source "ChessBase"]
[SourceDate "2015.10.29"]
[SourceVersion "1"]
[SourceVersionDate "2015.10.29"]
[SourceQuality "1"]

1. d4 e6 2. Nf3 Nf6 3. c4 Bb4+ 4. Bd2 Qe7 5. Qc2 Bxd2+ 6. Nbxd2 d6 7. e4 e5 8. Bd3 0-0 9. 0-0 a5 10. c5 Nc6 11. cxd6 cxd6 12. a3 Bg4 13. d5 Nb8 14. b4 Rc8 15. Qb2 Nbd7 16. Rfc1 Bxf3 17. Nxf3 Qd8 18. Nd2 axb4 19. axb4 Nb6 20. Bb5 Kf8 21. Kf1 h5 22. f3 h4 23. Nb3 Nh5 24. Rxa8 Rxa8 25. Na5 Qf6 26. Qf2 Qf4 27. Rc2 Nxd5 28. exd5 Qxb4 29. Bd3 Rxa5 30. Qe1 Qxe1+ 31. Kxe1 Nf4 32. Be4 Nxd5 33. Rd2 Nf6 34. Bxb7 Ke7 35. g3 hxg3 36. hxg3 Rb5 37. Ba6 Rb3 38. Rd3 Rxd3 39. Bxd3 d5 40. Kf2 Kd6 41. Bc2 Nd7 42. g4 f6 43. Ke3 g5 44. Kf2 Kc5 45. Ke3 Kc4 46. Bb1 Kb3 47. Bg6 d4+ 48. Kd2 Nc5 49. Bh7 Kb4 50. Ke2 Kb5 51. Kf2 Kc6 52. Bg8 Kd6 53. Bf7 e4 54. fxe4 Nxe4+ 55. Kf3 Nc5 56. Bg8 Kc6 57. Ke2 Kb5 58. Bd5 Nd7 59. Kd3 Kc5 60. Be6 Ne5+ 61. Ke4 d3 62. Ke3 Kd6 63. Bf5 Kd5 64. Bxd3 Nxg4+ 65. Ke2 Ke5 66. Kf3 f5 67. Ba6 Nf6 68. Bc8 g4+ 69. Kf2 Kf4 70. Kg2 Ne4 71. Bb7 Kg5 72. Bc6 Nf6 73. Bb7 Nd7 74. Bc6 Ne5 75. Bd5 f4 0-1